Biofísica / (Registro nro. 420)

Detalles MARC
000 -LEADER
fixed length control field 01033 am a2200301 a 4500
005 - FECHA ULTIMA MODIFICACION
control field 20240625084124.0
008 - CAMPO DE CONTROL (LIBRO)
fixed length control field 100624s2003||||sp a f |||| 001 0 spa d
020 ## - INTERNATIONAL STANDARD BOOK NUMBER
ISBN 8420010081
041 ## - CODIGO DE IDIOMA
Código de idioma del texto/pista de sonido o título separado spa
092 ## - SIGNATURA TOPOGRAFICA DEWEY LOCAL
número de clasificación 574.191
libristica 28
sección GLA
100 1# - ENTRADA PRINCIPAL--NOMBRE PERSONAL
Nombre personal Glaser, Roland.
9 (RLIN) 1160
245 ## - TITULO PROPIAMENTE DICHO
Título Biofísica /
Mención de responsabilidad y remanente de la transcripción de la portada Roland Glaser.
250 ## - MENCION DE EDICION
Mención de edición 1a ed. en español de la edición original en inglés
Mención de responsabilidad relacionada con la ed. Traducción Félix Royo López y Félix M. Royo Longás.
260 ## - PIE DE IMPRENTA
Lugar de publicación, distribución, etc Zaragoza [España]:
Nombre de la editorial, distribuidor, etc Editorial Acribia;
Fecha de publicación 2003.
300 ## - DESCRIPCION FISICA
Extension 396 p.
500 ## - NOTA GENERAL
Nota general Glaser, R. (2003). Biofísica. (1a ed.). Zaragoza [España] : Editorial Acribia.
653 ## - TÉRMINO INDIZADO - PALABRAS CLAVES
Palabra clave Naturaleza y temática de la biofísica
653 ## - TÉRMINO INDIZADO - PALABRAS CLAVES
Palabra clave Estructura molecular de los sistemas biológicos
653 ## - TÉRMINO INDIZADO - PALABRAS CLAVES
Palabra clave Energía y dinámica de los sistemas biológicos
653 ## - TÉRMINO INDIZADO - PALABRAS CLAVES
Palabra clave Factores físicos del medio ambiente
653 ## - TÉRMINO INDIZADO - PALABRAS CLAVES
Palabra clave Cinética de los sistemas biológicos
930 ## - NUMERO DE INVENTARIO
Número de inventario 1541
930 ## - NUMERO DE INVENTARIO
Número de inventario 1542
930 ## - NUMERO DE INVENTARIO
Número de inventario 1543
930 ## - NUMERO DE INVENTARIO
Número de inventario 1544
930 ## - NUMERO DE INVENTARIO
Número de inventario 1545
942 ## - ADDED ENTRY ELEMENTS (KOHA)
Source of classification or shelving scheme Dewey Decimal Classification
Item type Libros
Existencias
Estado de retiro Existencia Fuente de clasificación Estado general No para prestamo Colección Ubicación permanente ubicación actual Sala de ubicación Fecha de adquisición Total Checkouts Número de clasificación Código de barras Date last seen Número de ejemplar Price effective from Koha tipo de elemento (item) Public note Total Renewals Date last borrowed Coded location qualifier
    Dewey Decimal Classification     Reference Biblioteca Medicina Biblioteca Medicina Referencia 13/05/2011   574.191 28 GLA 1541 06/11/2014 ej.1 24/08/2011 Reference LIBRO DE CONSULTA      
    Dewey Decimal Classification       Biblioteca Medicina Biblioteca Medicina Circulación 13/05/2011 40 574.191 28 GLA 1542 06/05/2026 ej.2 13/05/2011 Libros Sede Tordos. 5 24/04/2026  
    Dewey Decimal Classification       Biblioteca Medicina Biblioteca Medicina Circulación 13/05/2011 32 574.191 28 GLA 1543 18/10/2023 ej.3 13/05/2011 Libros Sede Tordos. 5 09/10/2023  
    Dewey Decimal Classification       Biblioteca Medicina Biblioteca Medicina Circulación 13/05/2011 19 574.191 28 GLA 1544 06/05/2026 ej.4 13/05/2011 Libros Sede Tordos. 8 28/04/2026  
    Dewey Decimal Classification       Biblioteca Medicina Biblioteca Medicina Circulación 13/05/2011   574.191 28 GLA 1545 06/11/2014 ej.5 13/05/2011 Libros Enviado para recambio,aún no llegó 6/08/2024      

UNIVERSIDAD NACIONAL DEL COMAHUE
Biblioteca de la Facultad de Ciencias Médicas
Sede Toschi: Los Arrayanes y Av. Toschi, Cipolletti  - Rio Negro
Sede Los Tordos:  Yrigoyen al 2211, Cipolletti - Rio Negro 

Teléfono: 0299 - 4774707 int 25
Contacto: biblioteca@facimed.uncoma.edu.ar
© 2011 - 2026